00000000cam 2200000zi 4500
0019.961405
003CaOODSP
00520260515144431
006m     o  d f      
007cr cn ||||||||
008260327e202604  oncabd  ob   f000 0 eng d
020 |a9780660992761
040 |aCaOODSP|beng|erda|cCaOODSP
043 |an-cn---
0861 |aFs70-5/2026-033E-PDF
1001 |aChamberland, Jean-Martin, |eauthor.
24510|aGulf of St. Lawrence (4RST) Greenland halibut stock status in 2024 / |cJean-Martin Chamberland, Laurie Isabel, and Hugues Benoît.
264 1|aOttawa ON : |bCanadian Science Advisory Secretariat (CSAS), |cApril 2026.
264 4|c©2026
300 |a1 online resource (v, 141 pages) : |billustrations, maps, graphs.
336 |atext|btxt|2rdacontent
337 |acomputer|bc|2rdamedia
338 |aonline resource|bcr|2rdacarrier
4901 |aResearch document, |x1919-5044 ; |v2026/033
500 |aIssued also in French under title: L'état du stock de flétan du Groenland du golfe du Saint-Laurent (4RST) en 2024.
504 |aIncludes bibliographical references (pages 31-36).
650 0|aGreenland halibut|zSaint Lawrence, Gulf of.
650 0|aGreenland halibut fisheries|zSaint Lawrence, Gulf of.
650 0|aFish stock assessment|zSaint Lawrence, Gulf of.
7101 |aCanada. |bDepartment of Fisheries and Oceans. |bQuebec Region, |eissuing body.
7102 |aCanadian Science Advisory Secretariat, |eissuing body.
77508|tL'état du stock de flétan du Groenland du golfe du Saint-Laurent (4RST) en 2024 / |w(CaOODSP)9.961404
830#0|aResearch document (Canadian Science Advisory Secretariat)|v2026/033.|w(CaOODSP)9.507396
85640|qPDF|s14.3 MB|uhttps://publications.gc.ca/collections/collection_2026/mpo-dfo/fs70-5/Fs70-5-2026-033-eng.pdf